000 00770nam a2200253 a 4500
008
020 _a0749431326 (pbk.)
049 _aMAIN
090 _aLB1065
_bOLS
100 1 _aOlsen, Jerry.
245 1 0 _aDealing with disruptive students in the classroom /
_cJerry Olsen & Paul Cooper.
260 _aLondon :
_bKogan Page Limited,
_c2001.
300 _avi, 250 p. :
_bill. ;
_c24 cm.
440 _aThe Times Educational Supplement.
504 _aIncludes bibliographical references.
500 _aIncludes Index.
650 1 _aDisruptive students.
700 _aCooper, Paul.
907 _a.b10270905
_b29-09-10
_c02-11-09
003
005 20230123125000.0
040 _cNUST
942 _cBOOKS
_kLB1065
_mOLS
999 _c133651
_d133651